MARC

LEADER 00000nam0a2200000 4500
001 297276
005 20231102001006.0
035 |a (RuTPU)RU\TPU\book\322409 
090 |a 297276 
100 |a 20150606d1982 d y0rusy50 ca 
101 0 |a rus 
102 |a RU 
105 |a a z 001ay 
200 1 |a Про свою работу в детской книге (Из книги "Про свою работу")  |e рассказы  |f А. Ф. Пахомов  |g под ред. М. И. Сальниковой 
210 |a Москва  |c Детская литература  |d 1982 
215 |a 131 с.  |c ил. 
320 |a Примечания: с. 125-130 
600 1 |a Пахомов  |b А. Ф.  |g Алексей Федорович  |c российский график  |c живописец  |f 1900-1973  |2 stltpush  |3 (RuTPU)RU\TPU\pers\12323 
606 1 |a Иллюстрация книжная  |2 stltpush  |3 (RuTPU)RU\TPU\subj\12387  |9 39178 
610 1 |a художественная литература 
610 1 |a советская литература 
610 1 |a рассказы 
610 1 |a детские художники 
610 1 |a иллюстраторы 
610 1 |a иллюстрации 
610 1 |a детские книги 
610 1 |a оформление 
610 1 |a книги 
610 1 |a рисунки 
675 |a 76:655  |v 4 
700 1 |a Пахомов  |b А. Ф.  |c российский график  |c живописец  |f 1900-1973  |g Алексей Федорович  |2 stltpush  |3 (RuTPU)RU\TPU\pers\12323  |4 070  |9 3333 
702 1 |a Сальникова  |b М. И.  |4 340 
801 1 |a RU  |b 63413507  |c 20150606 
801 2 |a RU  |b 63413507  |c 20210326  |g RCR 
942 |c BK